| 000 | 00930cam a2200253 a 4500 | ||
|---|---|---|---|
| 005 | 20131021034907.0 | ||
| 008 | 891017s1990 mau b 001 0 eng | ||
| 020 | _a0669219851 | ||
| 020 | _a0669242268 | ||
| 041 | 0 | _aeng | |
| 080 |
_a321 _x(47) |
||
| 100 | 1 |
_aRa'anan, Uri, _d1926- |
|
| 245 | 1 | 0 |
_aInside the apparat : _cedited by Uri Ra'anan, Igor Lukes. |
| 260 |
_aLexington, Mass. : _bLexington Books, _cc1990. |
||
| 300 |
_a281 p. ; _c24 cm. |
||
| 500 | _aPreface : f. [XI] - XII | ||
| 504 | _aIncludes bibliographical references and index. | ||
| 650 | 0 |
_aVendet komuniste _zUnioni Sovjetik _xIntervistat |
|
| 650 | 0 |
_aPolitika botërore _zUninoni Sovjetik _xVendim-marrja |
|
| 651 | 0 |
_aSoviet Union _xPolitika dhe qeverisja _xVendim-marrja |
|
| 651 | 0 |
_aSoviet Union _xMarrëdhënie ndërkombëtare _xVendim-marrja |
|
| 700 | 1 | _aLukes, Igor. | |
| 942 |
_2udc _cBK |
||
| 999 |
_c135 _d135 |
||